Súčasná rehabilitácia vo Fínsku

Bibliographic Details
Main Author: Palát, Miroslav, 1927-2014 (Author)
Format: Article
Language:Slovak
Subjects:

MARC

LEADER 00000nab a2200000 a 4500
001 vtls000389767
003 SK-MaSNL
005 20260304100840.0
008 230120c1990 xo 0 slo
015 |a SNBRB19rr/mm-uuuuu 
035 |a CL0389891 
035 |a urn:nbn:sk:snk-ab7fo2 
035 |a (urnnbn)urn:nbn:sk:snk:ar-005dqd 
035 |a (uuid)f38bce32-3257-4816-b850-0f52fdf246fc 
040 |a SNKBUCL  |b slo  |c SNKBUCL  |e AACR2 
041 0 |a slo 
044 |a xo  |c SK 
080 |a 615.825(480)  |2 1981 
100 1 |a Palát, Miroslav,  |d 1927-2014  |4 aut  |9 203087 
245 1 0 |a Súčasná rehabilitácia vo Fínsku  |c M. Palát 
650 0 7 |a liečebná rehabilitácia  |2 snkbucl  |9 3306 
651 7 |a Fínsko  |2 snkbucl  |9 20176 
655 7 |a články z novín a časopisov  |2 snkbucl  |9 267496 
773 0 |t Rehabilitácia  |g Roč. 23, č. 2 (1990), s. 124-126 
850 |a Slovenská národná knižnica v Martine  |a MTA001 
852 |a SNK  |b KIS3GCP 
954 |a odborná, vedecká literatúra pôvodná (slovenská)  |2 lita 
958 |a RK 
958 |a MI 
958 |a OND 
958 |a EUIPO 
958 |a article7 
992 |a RBX 
999 |c 2840018  |d 2841948